000 00549nam a2200181Ia 4500
008 100920s9999 xx 000 0 und d
082 _b69181
_a--- थ 90
100 _aवैदय सुरेश.
245 _aकठपुतली.
260 _bशब्दसन्मान प्रकाशन, पुणे.
_c1990
300 _a230
_bसाधी
365 _b80
520 _aकादंबरी.
630 _aकठपुतली.
650 _aकादंबरी.
730 _aकठपुतली.
942 _cBOOK
999 _c711397
_d711394